Регионална библиотека "Любен Каравелов" - Русе

Petit poilu : l`alphabet (Запис номер 499690)

MARC детайли
000 -Лидер
Лидер 01133nam a2200301 a 4500
003 - Код на организацията, давaща контролен номер
Код на организацията, даваща контролен номер BLK
005 - Дата и час на последна редакция
Дата и час на последна редакция 20240104102914.0
008 - Елементи от данни с фиксирана дължина
Елементи с фиксирана дължина 210215b bu |||||r|||| 00| | bu d
020 ## - Международен стандартен номер на книга ISBN
ISBN 9782800158044
040 ## - Източник на каталожния запис
Код на библиотеката BLK
041 ## - Код за език
Език Френски
Език за КДБФ Френски
080 ## - УДК
УДК текст Основи на четенето. Методи на обучение в четенето
УДК код 373.3.016:028.1
УДК – код + определител 373.3.016:028.1
9 (RLIN) 235999
080 ## - УДК
УДК текст Издания за деца и юноши. Книжки-картинки. Читанки. Вж и 372.4
УДК код 087.5
УДК – код + определител 087.5
9 (RLIN) 231478
084 ## - Класификационен индекс по друга класификация
Авторски знак Bai - B 16
100 ## - Редна дума - Автор
R(LIN) 490249
Автор Bailly, Pierre
245 ## - Сведения за заглавието
Заглавие Petit poilu : l`alphabet
Авторска отговорност Pierre Bailly, Celine Fraipont.
260 ## - Област на издателските данни
Място на издаване Paris
Име на издателя Dupuis
Година на издаване 2012
9 (RLIN) 213437
300 ## - Физическа характеристика
Брой страници 16 p.
Илюстрации с цв. ил
Размер 16x16 cm
380 ## - Жанр
Жанр Детска отраслова лит.
490 ## - СЕРИИ (Колекции)
9 (RLIN) 490250
Серия Mes premieres notions
500 ## - Общи забележки
Обща забележка Кор. опис.
650 #7 - Допълнително описание по предмет – тема
9 (RLIN) 156309
Предметна рубрика Издания - за деца
700 ## - Други автори (авторска отговорност)
9 (RLIN) 490251
Друг автор Fraipont, Celine
852 ## - Местоположение
Отдел Детски отдел
Систематично-азбучна сигнатура ДН 373.3.016:028/B 16 P
942 ## - АРТИКУЛИ
Вид на библиотечния документ Книги
Скрит в OPAC Не
Периодичен библиозапис Да
944 ## - СЪЗДАВАНЕ И РЕДАКЦИЯ на ЗАПИСА
Дата на регистрацията/редакция Севдалина Тодорова
Служител, извършил регистрацията/редакцията 30540
Номер на служител Севдалина Тодорова
999 ## - СИСТЕМНИ КОНТРОЛНИ НОМЕРА
Koha biblionumber 499690
Koha biblioitemnumber 499690
999 ## - СИСТЕМНИ КОНТРОЛНИ НОМЕРА
Koha biblioitemnumber 499690
Наличности
Код за отписване Код за изгубен артикул Източник на класификационната схема Код за повреда Код за отдаване Артикулен № Име на библиотеката - собственик Име на библиотеката, в която се намира в момента Статус (Текущо местоположение) Дата на вписване в системата Местоположение - отдел Цена в лева Инвентарен номер Систематично азбучна сигнатура Баркод Цена в евро Служебен тип на артикула
  Не е изгубен Universal Decimal Classification Не е повреден заемане за дома 938206 Регионална библиотека "Любен Каравелов" Русе Регионална библиотека "Любен Каравелов" Русе Детски отдел 2024-01-03 Детски отдел 16.00 120000897329 ДН 373.3.016:028/B 16 P 120000897329 8.18 Книги
Vip Innovations Ltd, Rousse, Bulgaria 2025